Energy efficiency development; Методология проектирования молодежного научно-инновационного пространства как основа подготовки современного инженера

Detalles Bibliográficos
Parent link:Методология проектирования молодежного научно-инновационного пространства как основа подготовки современного инженера.— 2014.— [С. 89-92]
Autor Principal: Seitkazi S.
Corporate Authors: Национальный исследовательский Томский политехнический университет (ТПУ) Физико-технический институт (ФТИ) Кафедра химической технологии редких, рассеянных и радиоактивных элементов (№ 43) (ХТРЭ), Национальный исследовательский Томский политехнический университет (ТПУ) Физико-технический институт (ФТИ) Кафедра иностранных языков физико-технического института (ИЯФТ)
Outros autores: Kuprin K. (научный руководитель), Chegrincev S. N. Sergey Nikolaevich, Petrasheva T. G. Tamara Georgievna
Summary:Заглавие с экрана
The focus of this article is energy efficiency development in the context of Russia. The purpose of the paper is to report on energy efficiency and to give an overview of energy efficiency development in Russia.
Idioma:inglés
Publicado: 2014
Series:Nuclear technologies as integral part of engineering science in the modern world
Subjects:
Acceso en liña:http://earchive.tpu.ru/handle/11683/64982
http://www.lib.tpu.ru/fulltext/c/2014/C07/018.pdf
Formato: Electrónico Capítulo de libro
KOHA link:https://koha.lib.tpu.ru/cgi-bin/koha/opac-detail.pl?biblionumber=607918

MARC

LEADER 00000naa2a2200000 4500
001 607918
005 20260316134710.0
035 |a (RuTPU)RU\TPU\conf\5324 
035 |a RU\TPU\conf\5323 
090 |a 607918 
100 |a 20140905d2014 k y0rusy50 ba 
101 0 |a eng 
102 |a RU 
135 |a drgn ---uucaa 
181 0 |a i  
182 0 |a b 
200 1 |a Energy efficiency development  |f S. Seitkazi, K. Kuprin  |g Sci. adv. S. N. Chegrincev, T. G. Petrasheva 
203 |a Текст  |c электронный 
215 |a 1 файл (395 Кб) 
225 1 |a Nuclear technologies as integral part of engineering science in the modern world 
300 |a Заглавие с экрана 
320 |a [Библиогр.: с. 91-92 (4 назв.)] 
330 |a The focus of this article is energy efficiency development in the context of Russia. The purpose of the paper is to report on energy efficiency and to give an overview of energy efficiency development in Russia. 
337 |a Adobe Reader 
463 1 |0 (RuTPU)RU\TPU\conf\3581  |t Методология проектирования молодежного научно-инновационного пространства как основа подготовки современного инженера  |l Strategy design of youth science and innovation environment for modern engineer training  |o сборник научных трудов Международной молодежной научной школы, г. Томск, 2 - 4 апреля 2014 г.  |f Национальный исследовательский Томский политехнический университет (ТПУ) ; под ред. В. В. Верхотуровой и др.  |v [С. 89-92]  |d 2014 
610 1 |a электронный ресурс 
610 1 |a труды учёных ТПУ 
610 1 |a энергоэффективность 
610 1 |a возобновляемые энергоресурсы 
610 1 |a возобновляемые источники 
610 1 |a энергоресурсы 
610 1 |a энергетические ресурсы 
610 1 |a национальная экономика 
610 1 |a передовые технологии 
700 1 |a Seitkazi  |b S. 
701 1 |a Kuprin  |b K. 
702 1 |a Chegrincev  |b S. N.  |c chemist-technologist  |c Engineer-designer of Tomsk Polytechnic University  |f 1987-  |g Sergey Nikolaevich  |4 727 
702 1 |a Petrasheva  |b T. G.  |c linguist  |c Associate Professor of Tomsk Polytechnic University, Candidate of philological science  |f 1962-  |g Tamara Georgievna  |4 727 
712 0 2 |a Национальный исследовательский Томский политехнический университет (ТПУ)  |b Физико-технический институт (ФТИ)  |b Кафедра химической технологии редких, рассеянных и радиоактивных элементов (№ 43) (ХТРЭ)  |3 (RuTPU)RU\TPU\col\18733 
712 0 2 |a Национальный исследовательский Томский политехнический университет (ТПУ)  |b Физико-технический институт (ФТИ)  |b Кафедра иностранных языков физико-технического института (ИЯФТ)  |3 (RuTPU)RU\TPU\col\18736 
801 1 |a RU  |b 63413507  |c 20101016 
801 2 |a RU  |b 63413507  |c 20210401  |g RCR 
856 4 |u http://earchive.tpu.ru/handle/11683/64982 
856 4 |u http://www.lib.tpu.ru/fulltext/c/2014/C07/018.pdf 
942 |c BK